Zaangazowanie kapitalu zagranicznego w gospodarke wegierska.
Doterajší vývoj a stav zainteresovanosti zahraničného kapitálu o investície do maďarskej ekonomiky. Zahraničným vlastníkom sa vyplatilo do cudziny 2,3 mld forintov. Rozpočet Maďarska na rok 1992. Ráta sa s deficitom 69,4 mld forintov. Snahy o jeho vyrovnanie.
Gespeichert in:
| 1. Verfasser: | |
|---|---|
| Format: | Buchkapitel |
| Sprache: | Polnisch |
| Schlagworte: | |
| Tags: |
Keine Tags, Fügen Sie das erste Tag hinzu!
|
MARC
| LEADER | 00000naa a2200000 4500 | ||
|---|---|---|---|
| 001 | r007914 | ||
| 005 | 20221125123049.7 | ||
| 041 | 0 | |a pol | |
| 044 | |a PL | ||
| 245 | 1 | 0 | |a Zaangazowanie kapitalu zagranicznego w gospodarke wegierska. |c K. Szwarc |
| 520 | |a Doterajší vývoj a stav zainteresovanosti zahraničného kapitálu o investície do maďarskej ekonomiky. Zahraničným vlastníkom sa vyplatilo do cudziny 2,3 mld forintov. Rozpočet Maďarska na rok 1992. Ráta sa s deficitom 69,4 mld forintov. Snahy o jeho vyrovnanie. | ||
| 610 | 2 | 0 | |a kapitál zahraničný |
| 610 | 2 | 0 | |a investície zahraničné |
| 610 | 2 | 0 | |a MR |
| 610 | 2 | 0 | |a deficit |
| 610 | 2 | 0 | |a rozpočet štátny |
| 610 | 2 | 0 | |a 1992 |
| 100 | 1 | |a Szwarc, K. | |